| 000 | 00425nam a2200169Ia 4500 | ||
|---|---|---|---|
| 001 | 25691 | ||
| 003 | IN-NITTTR | ||
| 005 | 20251114233325.0 | ||
| 008 | 251113s9999||||xx |||||||||||||| ||eng|| | ||
| 040 | _beng | ||
| 040 | _cIN-NITTTR | ||
| 041 | _aeng | ||
| 082 | _a004.05 P26S | ||
| 100 | _aPasupathi, T. D. | ||
| 245 | 0 |
_aStatus of technician programmes in computer in Kerala state / _cPasupathi, T. D. |
|
| 942 |
_2ddc _cBK |
||
| 999 |
_c28320 _d28320 |
||